000 00318nam a2200133Ia 4500
005 20251222155210.0
008 251222s9999||||xx |||||||||||||| ||spa||
082 _aMAN.75
100 _aMORA Guillermo
245 0 _aValores Humanos y Actitudes Positivas
250 _a1ra. ed.
264 _bMcGraw Hill
942 _cLIB
999 _c40276
_d40276